Name The Harry Potter Movies Quiz Stats

 Plays Quiz not verified by Sporcle

Also try: Movies by Plot II
Challenge
Share
Tweet
Embed
Score 0/7 Timer 03:00
0 Plays Today
% Correct
Harry Potter And The Chamber Of Secrets
89%
Harry Potter And The Prisoner Of Azkaban
85%
Harry Potter And The Goblet Of Fire
84%
Harry Potter And The Deathly Hallows
74%
Harry Potter And The Half Blood Prince
71%
Harry Potter And The Philosophers Stone
68%
Harry Potter And The Order Of The Pheonix
44%

You're not logged in!

Compare scores with friends on all Sporcle quizzes.
Join for Free
OR
Log In

Show Comments

Extras

Created Jan 30, 2010ReportNominate
Tags:Harry Potter Quiz

Top Quizzes Today


Score Distribution

Your Account Isn't Verified!

In order to create a playlist on Sporcle, you need to verify the email address you used during registration. Go to your Sporcle Settings to finish the process.

Report this User

Report this user for behavior that violates our Community Guidelines.

Details: